ادارة المعرفة : (Record no. 3432)

MARC details
000 -LEADER
fixed length control field 00769nam a2200205 ar4500
001 - CONTROL NUMBER
control field 3434
005 - DATE AND TIME OF LATEST TRANSACTION
control field 20221127090740.0
008 - FIXED-LENGTH DATA ELEMENTS--GENERAL INFORMATION
fixed length control field 130721s su a 00010|ara d
020 ## - INTERNATIONAL STANDARD BOOK NUMBER
International Standard Book Number 9786030048045 :
Terms of availability رس90.00
082 04 - DEWEY DECIMAL CLASSIFICATION NUMBER
Classification number 658.403
Item number م534
100 1# - MAIN ENTRY--PERSONAL NAME
Personal name المسند، طارق صالح.
245 10 - TITLE STATEMENT
Title ادارة المعرفة :
Remainder of title ماهيتها - عملياتها - متطلباتها - معوقاتها /
Statement of responsibility, etc. تاليف طارق المسند.
250 ## - EDITION STATEMENT
Edition statement ط. 2.
260 ## - PUBLICATION, DISTRIBUTION, ETC.
Place of publication, distribution, etc. الرياض :
Name of publisher, distributor, etc. دار الراية الشرقية،
Date of publication, distribution, etc. 2011.
300 ## - PHYSICAL DESCRIPTION
Extent 202 ص. :
Other physical details ايض. ؛
Dimensions 24 سم.
504 ## - BIBLIOGRAPHY, ETC. NOTE
Bibliography, etc. note يتضمن ببليوجرافيا.
650 #4 - SUBJECT ADDED ENTRY--TOPICAL TERM
Topical term or geographic name entry element القيادة الادارية.
650 #4 - SUBJECT ADDED ENTRY--TOPICAL TERM
Topical term or geographic name entry element ادارة المعلومات.
650 #4 - SUBJECT ADDED ENTRY--TOPICAL TERM
Topical term or geographic name entry element ادارة الاعمال.
Holdings
Withdrawn status Lost status Source of classification or shelving scheme Damaged status Not for loan Home library Current library Date acquired Total Checkouts Full call number Barcode Date last seen Copy number Price effective from Koha item type
              11/27/2022   658.403 ك534 1000000010405 11/27/2022 ل 1 11/27/2022 Book
              11/27/2022   658.403 ك534 1000000010403 11/27/2022 ل 2 11/27/2022 Book
          CENTRAL CENTRAL 11/27/2022   658.403 ك534 1000000008157 11/27/2022 C1 11/27/2022 Book
          CENTRAL CENTRAL 11/27/2022   658.403 ك534 1000000008158 11/27/2022 C2 11/27/2022 Book